An archaeology of capitalism

Αποθηκεύτηκε σε:
Λεπτομέρειες βιβλιογραφικής εγγραφής
Κύριος συγγραφέας: Johnson, Matthew
Μορφή: Βιβλίο
Γλώσσα:English
Δημοσίευση: Oxford : Blackwell, c1996
Σειρά:Social archaeology
Θέματα:
Ετικέτες: Προσθήκη ετικέτας
Δεν υπάρχουν, Καταχωρήστε ετικέτα πρώτοι!

MARC

LEADER 00000nam a2200000 i 4500
001 1/6663
008 000615s1996 eng d
020 |a 1557863482 
035 |l 10062011 
040 |a GR-MY-UA  |b gre  |e aacr 
041 0 |a eng 
082 0 |a 338.0941 
100 1 |a Johnson, Matthew. 
245 1 3 |a An archaeology of capitalism /  |c Matthew Johnson 
260 |a Oxford :   |b Blackwell,   |c c1996 
300 |a 244 p.  |b ill. 
490 1 |a Social archaeology 
504 |a Bibliography: p. 216-232 and index 
650 0 0 |a Social archaeology  |z England. 
650 0 0 |a Archaeology and history  |z England. 
650 0 0 |a Landscape changes  |z England  |x History. 
650 0 0 |a Material culture  |z England. 
650 0 0 |a Feudalism  |z England. 
650 0 0 |a Capitalism  |z England  |x History. 
830 0 |a Social archaeology 
852 |a INST  |b LESVOS  |e 20000615  |h 338.0941 JOH  |p 005100023777  |q 005100023777  |t BK  |y 0 
909 |a Λ  |b 067105 
920 |a ΤMHMA ΚΟINΩΝΙΚΗΣ ΑΝΘΡΩΠΟΛΟΓΙΑΣ  |y ΛΕΣΒΟΣ  |z 1999-08 
970 |z 2000/06/ΟΙΚΟΝΟΜΟΠΟΥΛΟΥ ΧΡΙΣΤΙΝΑ